[Event "World Junior U20 Girls 2018"]
[Site "Gebze"]
[Date "2018.09.08"]
[Round "5"]
[White "Ivana Maria, Furtado"]
[Black "Beydullayeva, Govhar"]
[Result "1/2-1/2"]
[WhiteElo "2144"]
[BlackElo "2202"]
[Annotator "NA"]
[PlyCount "91"]
[EventDate "2018.09.05"]
[EventType "swiss"]
[EventCountry "TUR"]
[SourceTitle "playchess.com"]
[Source "ChessBase"]
[SourceQuality "1"]
[TimeControl "40/5400+30:1800+30"]

1. d4 {[%emt 0:00:30]} d5 {[%emt 0:00:30]} 2. Nf3 {[%emt 0:00:00]} Nf6 {[%emt 0:00:30]} 3. g3 {[%emt 0:00:00]} Bf5 {[%emt 0:00:00]} 4. c4 {[%emt 0:00:30]} c6 {[%emt 0:00:00]} 5. Bg2 {[%emt 0:00:30]} e6 {[%emt 0:00:30]} 6. O-O {[%emt 0:00:30]} h6 {[%emt 0:00:30]} 7. Nc3 {[%emt 0:00:30]} Be7 {[%emt 0:00:30]} 8. Qb3 {[%emt 0:00:30]} Qb6 {[%emt 0:00:30]} 9. c5 {[%emt 0:03:30]} Qa6 {[%emt 0:00:00] D11: Slav Defence: 3 Nf3 sidelines and 3...Nf6 4 e3 Bg4} 10. Bf4 {[%emt 0:08:30]} (10. Re1 b6 11. Bf1 Qb7 12. Bf4 Nbd7 13. Nd2 O-O 14. e4 Nxe4 15. Ncxe4 Bxe4 16. Nxe4 dxe4 17. Rxe4 {½-½ (31) Nyzhnyk,I (2628)-Shimanov,A (2593) Saint Louis 2015}) 10... O-O {[%emt 0:18:00]} 11. Rfc1 {[%emt 0:07:30]} b6 {[%emt 0:05:30]} 12. Na4 $146 {[%emt 0:03:30]} ({Predecessor:} 12. Bf1 Qb7 13. a4 Rc8 14. a5 b5 15. Nd2 Na6 16. f3 g5 17. Bd6 Bxd6 18. cxd6 {1-0 (28) Balog,I (2423)-Varga,C (2391) Miskolc 2008}) 12... Nbd7 {[%emt 0:03:30]} 13. Qd1 {[%emt 0:16:30]} bxc5 {[%emt 0:05:30]} 14. Nxc5 {[%emt 0:01:30]} Nxc5 {[%emt 0:00:30]} 15. dxc5 {[%emt 0:00:30]} Nd7 {[%emt 0:09:30]} 16. b4 {[%emt 0:07:30]} Bf6 {[%emt 0:14:30]} 17. Nd4 {[%emt 0:00:00]} Bxd4 {[%emt 0:00:30]} 18. Qxd4 {[%emt 0:00:00]} Qxe2 {[%emt 0:00:30]} 19. Bd6 {[%emt 0:00:30]} Rfe8 {[%emt 0:06:30]} 20. Bf1 {[%emt 0:01:30]} Qh5 {[%emt 0:04:30]} 21. b5 {[%emt 0:09:30]} Be4 {[%emt 0:04:30]} 22. Re1 {[%emt 0:03:30]} (22. Rc3 $11) 22... e5 {[%emt 0:08:17]} 23. Qd1 {[%emt 0:05:30]} Bf3 {[%emt 0:03:11]} 24. Qa4 {[%emt 0:02:30]} cxb5 {[%emt 0:00:55]} 25. Bxb5 {[%emt 0:02:30]} Nf6 {[%emt 0:02:39]} 26. Qh4 {[%emt 0:01:30]} Qxh4 {[%emt 0:02:48]} 27. gxh4 {[%emt 0:00:30]} Ne4 {[%emt 0:06:09]} 28. Bxe8 {[%emt 0:01:30]} Rxe8 {[%emt 0:00:00]} 29. Re3 {[%emt 0:00:30]} Bg4 {[%emt 0:02:42]} 30. f3 {[%emt 0:02:30]} Nxd6 {[%emt 0:00:04]} 31. cxd6 {[%emt 0:00:30]} Bf5 {[%emt 0:00:36]} 32. Rd1 {[%emt 0:01:30]} Be6 {[%emt 0:00:54]} 33. Rxe5 {[%emt 0:02:35]} Rd8 {[%emt 0:00:02]} 34. Re3 {[%emt 0:05:38]} Rxd6 {[%emt 0:01:00]} 35. Ra3 {[%emt 0:00:03]} a6 {[%emt 0:00:16]} 36. Rd4 {[%emt 0:00:35]} Kf8 {[%emt 0:00:48]} 37. Rda4 $16 {[%emt 0:05:59]} Bc8 {[%emt 0:00:06]} 38. Rc3 {[%emt 0:00:15]} Bd7 {[%emt 0:00:13]} 39. Rd4 {[%emt 0:01:21]} Ke7 {[%emt 0:00:24]} 40. Kf2 {[%emt 0:00:00]} Be6 {[%emt 0:00:00]} 41. a3 {[%emt 0:05:04]} Kf6 {[%emt 0:03:56]} 42. Ke3 {[%emt 0:00:30]} Bd7 {[%emt 0:04:30]} 43. Rc5 {[%emt 0:02:30]} Ke6 {[%emt 0:00:30]} 44. Rb4 {[%emt 0:02:30]} Bb5 {[%emt 0:01:30]} 45. Kd4 {[%emt 0:01:30]} Rd7 {[%emt 0:04:30]} 46. a4 {[%emt 0:05:30]} 1/2-1/2

[Event "World Junior U20 Girls 2018"]
[Site "Gebze"]
[Date "2018.09.08"]
[Round "5"]
[White "Urh, Zala"]
[Black "Kocyigit, Buse Naz"]
[Result "1-0"]
[WhiteElo "2128"]
[BlackElo "1944"]
[Annotator "NA"]
[PlyCount "51"]
[EventDate "2018.09.05"]
[EventType "swiss"]
[EventCountry "TUR"]
[SourceTitle "playchess.com"]
[Source "ChessBase"]
[SourceQuality "1"]
[TimeControl "40/5400+30:1800+30"]

1. d4 {[%emt 0:00:30]} d5 {[%emt 0:00:30]} 2. c4 {[%emt 0:00:30]} c6 {[%emt 0:00:00]} 3. Nf3 {[%emt 0:00:00]} Nf6 {[%emt 0:00:00]} 4. e3 {[%emt 0:00:00]} e6 {[%emt 0:00:30]} 5. Nbd2 {[%emt 0:00:00]} Be7 {[%emt 0:00:00]} 6. Bd3 {[%emt 0:00:00]} Nbd7 {[%emt 0:00:00]} 7. O-O {[%emt 0:00:00]} O-O {[%emt 0:00:00]} 8. e4 {[%emt 0:00:00]} dxe4 {[%emt 0:01:00]} 9. Nxe4 {[%emt 0:00:30]} Nxe4 {[%emt 0:00:30]} 10. Bxe4 {[%emt 0:00:00]} Nf6 {[%emt 0:00:30]} 11. Bc2 {[%emt 0:00:00]} h6 {[%emt 0:03:30]} 12. Qd3 {[%emt 0:00:30]} Qc7 {[%emt 0:06:30]} 13. Ne5 {[%emt 0:07:30]} Rd8 {[%emt 0:01:30]} 14. Bxh6 {[%emt 0:06:30]} Qb6 {[%emt 0:10:30]} 15. Qg3 {[%emt 0:13:30]} Bf8 {[%emt 0:01:30]} 16. Bg5 {[%emt 0:07:30]} Be7 {[%emt 0:01:30]} 17. Rad1 {[%emt 0:02:30]} Qxb2 {[%emt 0:04:30]} 18. Rd2 {[%emt 0:00:30]} Qb4 {[%emt 0:13:30]} 19. Rb1 {[%emt 0:02:30]} Qa5 {[%emt 0:06:30]} 20. Qh4 {[%emt 0:03:30]} Kf8 {[%emt 0:16:30]} 21. Qh8+ {[%emt 0:03:30]} Ng8 {[%emt 0:01:30]} 22. Bh7 {[%emt 0:00:00]} Bxg5 {[%emt 0:00:30]} 23. Qxg8+ {[%emt 0:00:00]} Ke7 {[%emt 0:00:30]} 24. Qxf7+ {[%emt 0:00:30]} Kd6 {[%emt 0:00:00]} 25. c5+ {[%emt 0:00:00]} Kd5 {[%emt 0:00:00]} 26. Qf3# {[%emt 0:00:00]} 1-0

[Event "World Junior U20 Girls 2018"]
[Site "Gebze"]
[Date "2018.09.08"]
[Round "5"]
[White "Santeramo, Alessia"]
[Black "Sieber, Fiona"]
[Result "0-1"]
[WhiteElo "2124"]
[BlackElo "2277"]
[Annotator "NA"]
[PlyCount "112"]
[EventDate "2018.09.05"]
[EventType "swiss"]
[EventCountry "TUR"]
[SourceTitle "playchess.com"]
[Source "ChessBase"]
[SourceQuality "1"]
[TimeControl "40/5400+30:1800+30"]

1. d4 {[%emt 0:00:30]} Nf6 {[%emt 0:00:30]} 2. Bg5 {[%emt 0:00:00]} Ne4 {[%emt 0:00:30]} 3. h4 {[%emt 0:00:00]} c5 {[%emt 0:08:30]} 4. d5 {[%emt 0:00:30]} Qb6 {[%emt 0:02:30]} 5. Nd2 {[%emt 0:00:00]} Nxg5 {[%emt 0:01:30] A45: Trompowsky Attack} (5... h6 6. Bf4 Qxb2 7. Nxe4 Qb4+ 8. Qd2 Qxe4 9. f3 Qd4 10. c3 Qxd2+ 11. Kxd2 d6 12. e4 Nd7 13. h5 {1-0 (37) Triapishko,O (2531)-Kokarev,D (2616) Taganrog 2018}) 6. hxg5 {[%emt 0:00:00]} Qxb2 {[%emt 0:00:00]} 7. Rb1 {[%emt 0:00:30]} Qe5 {[%emt 0:09:00]} 8. e4 {[%emt 0:00:30]} g6 {[%emt 0:02:30]} 9. Ngf3 {[%emt 0:00:30]} Qg7 {[%emt 0:00:30]} 10. e5 {[%emt 0:00:30]} d6 $146 {[%emt 0:04:30]} ({Predecessor:} 10... h6 11. e6 fxe6 12. dxe6 d6 13. Bb5+ {0-1 (33) Escobar,C (2200)-Ottesen,S (2370) ICCF email 2006}) 11. Bb5+ {[%emt 0:01:30]} Kd8 {[%emt 0:01:30]} 12. Nc4 {[%emt 0:11:30]} Kc7 {[%emt 0:10:30]} 13. Qd2 {[%emt 0:08:30]} b6 {[%emt 0:00:30]} 14. a4 {[%emt 0:03:30]} h6 {[%emt 0:11:30]} 15. a5 {[%emt 0:12:30]} hxg5 {[%emt 0:02:30]} 16. Rxh8 {[%emt 0:08:30]} Qxh8 {[%emt 0:00:30]} 17. Kf1 {[%emt 0:00:00]} g4 {[%emt 0:03:30]} 18. Ng1 {[%emt 0:06:00]} Bd7 {[%emt 0:09:30]} 19. Qc3 {[%emt 0:12:30]} Bg7 {[%emt 0:02:30]} 20. Qa3 {[%emt 0:00:30]} Bxb5 {[%emt 0:03:30]} 21. Rxb5 {[%emt 0:00:30]} Nd7 {[%emt 0:00:30]} 22. Qa4 {[%emt 0:06:30]} Nxe5 {[%emt 0:03:30]} 23. Nxe5 {[%emt 0:02:30]} Bxe5 {[%emt 0:00:30]} 24. Rxb6 {[%emt 0:01:30] [#]} Qe8 $1 {[%emt 0:03:36]} ({Bitte nicht} 24... axb6 $6 25. Qc6+ Kb8 26. Qxb6+ Kc8 27. Qc6+ Kb8 28. Qb6+ Kc8 29. Qc6+ Kb8 30. Qb6+ $11) 25. Rc6+ {[%emt 0:00:30]} Kd8 {[%emt 0:00:00]} 26. Qxg4 {[%emt 0:08:51]} Qd7 {[%emt 0:01:16]} 27. Qh4 {[%emt 0:00:46]} Qb7 {[%emt 0:01:13]} 28. g3 {[%emt 0:01:28]} Qb1+ {[%emt 0:03:33]} 29. Kg2 {[%emt 0:00:30]} Qxc2 {[%emt 0:00:00]} 30. Nf3 {[%emt 0:02:41]} Qd3 {[%emt 0:02:02]} 31. Rxd6+ {[%emt 0:00:30]} Bxd6 {[%emt 0:01:13]} 32. Qh8+ {[%emt 0:00:03]} Kc7 {[%emt 0:01:37]} 33. Qxa8 {[%emt 0:00:05]} Qa6 {[%emt 0:00:47]} 34. Qe8 {[%emt 0:00:59]} f6 {[%emt 0:00:58]} 35. Qa4 {[%emt 0:02:54]} Qb7 {[%emt 0:01:29]} 36. Qc4 {[%emt 0:00:05]} a6 {[%emt 0:00:45]} 37. Nd4 {[%emt 0:00:45]} Qb4 {[%emt 0:03:48]} 38. Ne6+ {[%emt 0:00:42]} Kb7 {[%emt 0:00:15]} 39. Qc2 {[%emt 0:09:03]} Qxa5 {[%emt 0:03:56]} 40. Qxg6 {[%emt 0:00:00]} Qd2 {[%emt 0:00:00]} 41. Nd8+ {[%emt 0:03:38]} Kb6 {[%emt 0:10:32]} 42. Qg8 {[%emt 0:01:30]} c4 {[%emt 0:01:30]} 43. Qe6 {[%emt 0:08:57]} c3 {[%emt 0:01:30]} 44. Nf7 {[%emt 0:02:00]} c2 {[%emt 0:01:30]} 45. Nxd6 {[%emt 0:00:07]} exd6 {[%emt 0:00:30]} 46. Qxd6+ {[%emt 0:00:03]} Kb5 {[%emt 0:00:30]} 47. Qc6+ {[%emt 0:00:32]} Kb4 {[%emt 0:00:59]} 48. Qb6+ {[%emt 0:00:24]} Kc4 {[%emt 0:07:32]} 49. Qxa6+ {[%emt 0:02:25]} Kb3 {[%emt 0:00:18]} 50. Qb5+ {[%emt 0:02:34]} Qb4 {[%emt 0:00:12]} 51. Qd3+ {[%emt 0:00:14]} Qc3 {[%emt 0:00:30]} 52. Qb5+ {[%emt 0:00:00]} Ka2 $19 {[%emt 0:00:07]} 53. Qa4+ {[%emt 0:00:00]} Kb2 {[%emt 0:02:06]} 54. Qb5+ {[%emt 0:00:00]} Qb3 {[%emt 0:00:47]} 55. Qe2 {[%emt 0:00:07]} Qxd5+ {[%emt 0:00:01]} 56. f3 {[%emt 0:01:10]} Kb1 {[%emt 0:00:30]} 0-1

[Event "World Junior U20 Girls 2018"]
[Site "Gebze"]
[Date "2018.09.08"]
[Round "5"]
[White "Ozbay, Ece"]
[Black "Kamalidenova, Meruert"]
[Result "1-0"]
[WhiteElo "2114"]
[BlackElo "2011"]
[Annotator "NA"]
[PlyCount "67"]
[EventDate "2018.09.05"]
[EventType "swiss"]
[EventCountry "TUR"]
[SourceTitle "playchess.com"]
[Source "ChessBase"]
[SourceQuality "1"]
[TimeControl "40/5400+30:1800+30"]

1. e4 {[%emt 0:00:30]} e5 {[%emt 0:01:30]} 2. Nf3 {[%emt 0:00:30]} Nc6 {[%emt 0:00:30]} 3. Bb5 {[%emt 0:00:00]} a6 {[%emt 0:00:00]} 4. Ba4 {[%emt 0:00:00]} Nf6 {[%emt 0:00:00]} 5. O-O {[%emt 0:00:00]} Nxe4 {[%emt 0:00:30]} 6. Re1 {[%emt 0:01:00]} Nc5 {[%emt 0:00:30]} 7. Nc3 {[%emt 0:00:30]} Be7 {[%emt 0:01:30]} 8. Bxc6 {[%emt 0:01:30]} dxc6 {[%emt 0:00:30]} 9. Nxe5 {[%emt 0:02:30]} O-O {[%emt 0:01:30]} 10. d4 {[%emt 0:02:30]} Ne6 {[%emt 0:01:30]} 11. Be3 {[%emt 0:00:00]} f6 {[%emt 0:00:30]} 12. Nc4 {[%emt 0:07:00]} Re8 {[%emt 0:04:30]} 13. f4 {[%emt 0:02:30]} Nf8 {[%emt 0:08:30]} 14. d5 {[%emt 0:05:30]} cxd5 {[%emt 0:06:30]} 15. Nxd5 {[%emt 0:00:30]} Be6 {[%emt 0:01:30]} 16. Nxe7+ {[%emt 0:00:30]} Qxe7 {[%emt 0:00:30]} 17. Na5 {[%emt 0:01:30]} b6 {[%emt 0:08:30]} 18. Nc6 {[%emt 0:00:30]} Qd7 {[%emt 0:00:30]} 19. Nd4 {[%emt 0:03:30]} Bg4 {[%emt 0:02:30]} 20. Qd3 {[%emt 0:01:30]} c5 {[%emt 0:03:30]} 21. Qb3+ {[%emt 0:01:30]} Kh8 {[%emt 0:01:30]} 22. Ne2 {[%emt 0:00:30]} Qc6 {[%emt 0:07:30]} 23. Ng3 {[%emt 0:04:30]} Be6 {[%emt 0:02:30]} 24. Qc3 {[%emt 0:01:30]} Rad8 {[%emt 0:01:30]} 25. Rad1 {[%emt 0:01:30]} Qa8 {[%emt 0:09:30]} 26. Rxd8 {[%emt 0:08:30]} Rxd8 {[%emt 0:01:30]} 27. f5 {[%emt 0:03:30]} Bd5 {[%emt 0:02:30]} 28. Nh5 {[%emt 0:01:30]} Kg8 {[%emt 0:09:30]} 29. Bh6 {[%emt 0:03:30]} Rd7 {[%emt 0:02:30]} 30. Qg3 {[%emt 0:01:30]} Qb7 {[%emt 0:01:30]} 31. Nxf6+ {[%emt 0:01:30]} Kh8 {[%emt 0:00:00]} 32. Re8 {[%emt 0:01:30]} Rf7 {[%emt 0:01:00]} 33. Bxg7+ {[%emt 0:00:30]} Rxg7 {[%emt 0:00:30]} 34. Rxf8+ {[%emt 0:00:00]} 1-0

[Event "World Junior U20 Girls 2018"]
[Site "Gebze"]
[Date "2018.09.08"]
[Round "5"]
[White "Li, Xinyu"]
[Black "Cramling Bellon, Anna"]
[Result "1-0"]
[WhiteElo "2086"]
[BlackElo "2009"]
[Annotator "NA"]
[PlyCount "93"]
[EventDate "2018.09.05"]
[EventType "swiss"]
[EventCountry "TUR"]
[SourceTitle "playchess.com"]
[Source "ChessBase"]
[SourceQuality "1"]
[TimeControl "40/5400+30:1800+30"]

1. d4 {[%emt 0:00:30]} Nf6 {[%emt 0:00:30]} 2. c4 {[%emt 0:00:00]} e6 {[%emt 0:00:30]} 3. Nf3 {[%emt 0:00:00]} d5 {[%emt 0:00:00]} 4. Nc3 {[%emt 0:00:00]} Bb4 {[%emt 0:01:00]} 5. cxd5 {[%emt 0:00:00]} exd5 {[%emt 0:00:00]} 6. Bf4 {[%emt 0:00:30]} c6 {[%emt 0:06:00]} 7. e3 {[%emt 0:00:30]} Ne4 {[%emt 0:17:30]} 8. Rc1 {[%emt 0:02:30]} Nd7 {[%emt 0:10:30]} 9. Bd3 {[%emt 0:03:30]} Qe7 {[%emt 0:04:30]} 10. h3 {[%emt 0:07:30]} O-O {[%emt 0:01:30]} 11. O-O {[%emt 0:00:30]} h6 {[%emt 0:01:30]} 12. Qc2 {[%emt 0:00:30]} Re8 {[%emt 0:05:30]} 13. Rb1 {[%emt 0:12:30]} Ndf6 {[%emt 0:13:30]} 14. Ne5 {[%emt 0:02:30]} Ng5 {[%emt 0:03:30]} 15. Ne2 {[%emt 0:23:30]} Bd6 {[%emt 0:02:30]} 16. Ng3 {[%emt 0:05:30]} Nge4 {[%emt 0:07:30]} 17. Nxe4 {[%emt 0:01:30]} dxe4 {[%emt 0:01:30]} 18. Bc4 {[%emt 0:01:30]} Be6 {[%emt 0:00:30]} 19. Rfe1 {[%emt 0:05:30]} Rac8 {[%emt 0:04:43]} 20. Bxe6 {[%emt 0:12:45]} Qxe6 {[%emt 0:00:30]} 21. Qa4 {[%emt 0:01:00]} Nh5 {[%emt 0:10:44]} 22. Bh2 {[%emt 0:01:48]} b5 {[%emt 0:03:20]} 23. Qa6 {[%emt 0:02:12]} Nf6 {[%emt 0:01:52]} 24. a3 {[%emt 0:01:25]} Nd5 {[%emt 0:00:56]} 25. Rbc1 {[%emt 0:02:00]} Nb6 {[%emt 0:01:16]} 26. Rc2 {[%emt 0:07:02]} f6 {[%emt 0:00:30]} 27. Ng6 {[%emt 0:00:58]} Bxh2+ {[%emt 0:00:51]} 28. Kxh2 {[%emt 0:00:03]} Qd6+ {[%emt 0:00:23]} 29. Kg1 {[%emt 0:00:13]} Nc4 {[%emt 0:00:40]} 30. Qxa7 {[%emt 0:00:59]} Ra8 {[%emt 0:00:41]} 31. Qc5 {[%emt 0:00:30]} Qxc5 {[%emt 0:00:10]} 32. dxc5 {[%emt 0:00:00]} Kh7 {[%emt 0:00:54]} 33. Nf4 {[%emt 0:00:00]} Red8 {[%emt 0:00:26]} 34. Ne6 {[%emt 0:00:27]} Rd5 {[%emt 0:00:32]} 35. Nc7 {[%emt 0:00:20]} Rad8 {[%emt 0:00:40]} 36. Nxd5 {[%emt 0:00:30]} Rxd5 {[%emt 0:00:00]} 37. a4 {[%emt 0:00:43]} Kg6 {[%emt 0:00:58]} 38. axb5 {[%emt 0:00:30]} cxb5 {[%emt 0:00:00]} 39. c6 {[%emt 0:00:25]} Rd8 {[%emt 0:00:38]} 40. b3 {[%emt 0:00:00]} Na5 {[%emt 0:00:00]} 41. c7 {[%emt 0:02:10]} Rc8 {[%emt 0:01:46]} 42. Rd1 {[%emt 0:00:00]} Nb7 {[%emt 0:00:30]} 43. Rd5 {[%emt 0:00:00]} b4 {[%emt 0:00:00]} 44. Rb5 {[%emt 0:00:30]} Nd6 {[%emt 0:00:00]} 45. Rb8 {[%emt 0:00:00]} Kf7 {[%emt 0:01:30]} 46. Rc6 {[%emt 0:00:00]} Ke7 {[%emt 0:05:30]} 47. Rxd6 {[%emt 0:00:30]} 1-0

[Event "World Junior U20 Girls 2018"]
[Site "Gebze"]
[Date "2018.09.08"]
[Round "5"]
[White "Li, Yunshan"]
[Black "Kubicka, Anna"]
[Result "1/2-1/2"]
[WhiteElo "2060"]
[BlackElo "2204"]
[Annotator "TA"]
[PlyCount "130"]
[EventDate "2018.09.05"]
[EventType "swiss"]
[EventCountry "TUR"]
[SourceTitle "playchess.com"]
[Source "ChessBase"]
[SourceQuality "1"]

{[%evp 25,130,52,50,52,42,15,17,4,29,25,123,106,106,95,111,120,128,125,126,124,107,0,0,0,0,0,0,0,0,0,18,14,20,20,24,24,20,27,35,0,0,0,0,0,0,0,18,8,14,0,0,0,0,0,56,61,55,54,59,55,59,39,67,67,67,67,67,67,73,65,64,58,68,31,31,31,31,31,40,38,65,66,73,73,87,60,68,38,38,38,79,38,38,38,45,8,8,0,46,0,8,8,8,8,16,16,21]} 1. d4 Nf6 2. c4 c5 3. d5 e6 4. Nc3 exd5 5. cxd5 d6 6. Nf3 g6 7. Bf4 a6 8. a4 Bg7 9. h3 O-O 10. e3 Qe7 {A61: Modern Benoni: Nf3 without early e4} 11. Be2 (11. Bd3 Nbd7 12. O-O Ne8 13. e4 Rb8 14. Re1 Nc7 15. Qd2 Ne5 16. Nxe5 Bxe5 17. Bxe5 Qxe5 18. a5 {1-0 (42) Akobian,V (2647)-Ponkratov,P (2613) Riadh 2017}) 11... Nfd7 12. O-O Ne5 13. Nd2 Nbd7 {LiveBook: 10 Games} 14. Qc2 f5 15. Rab1 $146 ({Predecessor:} 15. Rae1 Rb8 16. Bg3 {0-1 (47) Schneider,S (2399)-Lindberg,B (2416) Gothenburg 2018}) 15... g5 16. Bh2 Ng6 17. Rfe1 Nde5 {[#]} (17... Be5 $11 {remains equal.}) 18. f4 $1 $16 Nf7 19. Bd3 gxf4 20. exf4 Qf6 {and if ...Qd4+ works, Black does fine.} 21. Nc4 Qd4+ 22. Kh1 Nxf4 {[#]} 23. Bxf4 (23. Bf1 $1 $16 {Rbd1 is the strong threat.} Bh6 24. Rbd1) 23... Qxf4 $11 24. Rf1 Qh4 25. Nb6 Be5 26. Qf2 (26. Nxa8 $2 {is the wrong capture.} Qg3 $19) 26... Bg3 27. Qe2 Be5 28. Rf3 (28. Nxa8 $2 {loses.} Qg3 $19) 28... Rb8 {White must now prevent ...Ng5.} 29. Nxc8 Rbxc8 30. Bxf5 Rce8 {Hoping for ...Ng5.} 31. Be6 Kg7 32. Ne4 (32. g3 $5 Qh6 33. Ne4 $11) 32... Ng5 33. Nxg5 Qxg5 34. Rbf1 Rxf3 35. Qxf3 {aiming for Qf7+.} Bf6 36. Qb3 $36 {[%mdl 2048] White fights for an advantage.} Re7 37. Qc2 Qg3 38. Qf5 {[%csl Gf1][%cal Rf5f6]} Qg5 {And now ...Qxf5 would win.} 39. Qe4 Qg6 (39... Re8 $11) 40. Qf4 $14 Qg5 $1 {[%cal Rg5f4]} 41. Qxd6 Qe5 42. Qb6 {Threatens to win with Qb3.} ({Avoid the trap} 42. Qxc5 $2 Rxe6 43. Qc4 Rd6 $19) 42... Qe2 43. Rc1 Qe3 44. Qxc5 Qxc5 45. Rxc5 Bxb2 {[%mdl 4096] Endgame KRB-KRB} 46. g4 Be5 47. Bc8 Bd6 48. Rc3 Kf6 49. Rb3 b5 50. axb5 axb5 51. Rxb5 Ke5 52. Be6 Rc7 53. Rb2 Kf4 54. Kg2 Rc3 55. Rf2+ Ke4 56. Bf5+ Kxd5 57. Rd2+ Kc5 58. h4 Rg3+ 59. Kf2 Rh3 60. Rc2+ Kd5 61. Rd2+ Kc5 62. Rc2+ Kd5 {The position is equal.} 63. h5 Rh2+ 64. Ke3 Rxc2 65. Bxc2 h6 {Precision: White = 64%, Black = 60%.} 1/2-1/2

[Event "World Junior U20 Girls 2018"]
[Site "Gebze"]
[Date "2018.09.08"]
[Round "5"]
[White "Malatsilava, Volha"]
[Black "Diakonova, Ekaterina"]
[Result "0-1"]
[WhiteElo "2040"]
[BlackElo "2243"]
[Annotator "NA"]
[PlyCount "58"]
[EventDate "2018.09.05"]
[EventType "swiss"]
[EventCountry "TUR"]
[SourceTitle "playchess.com"]
[Source "ChessBase"]
[SourceQuality "1"]
[TimeControl "40/5400+30:1800+30"]

1. e4 {[%emt 0:00:30]} c5 {[%emt 0:00:30]} 2. Nf3 {[%emt 0:00:30]} g6 {[%emt 0:00:00]} 3. d4 {[%emt 0:00:00]} cxd4 {[%emt 0:00:00]} 4. Nxd4 {[%emt 0:00:00]} Nc6 {[%emt 0:00:30]} 5. Nc3 {[%emt 0:00:30]} Bg7 {[%emt 0:00:30]} 6. Be3 {[%emt 0:00:00]} Nf6 {[%emt 0:00:00]} 7. Bc4 {[%emt 0:00:00]} O-O {[%emt 0:00:00]} 8. Bb3 {[%emt 0:00:00]} d6 {[%emt 0:00:00]} 9. f3 {[%emt 0:00:00]} Bd7 {[%emt 0:00:00]} 10. h4 {[%emt 0:00:30]} h5 {[%emt 0:00:00]} 11. Qd2 {[%emt 0:00:30]} Ne5 {[%emt 0:00:00]} 12. O-O-O {[%emt 0:00:00]} Rc8 {[%emt 0:00:00]} 13. Bg5 {[%emt 0:00:00]} Rc5 {[%emt 0:00:00]} 14. Kb1 {[%emt 0:00:00]} b5 {[%emt 0:00:30]} 15. g4 {[%emt 0:02:00]} hxg4 {[%emt 0:07:30]} 16. h5 {[%emt 0:00:00]} Nxh5 {[%emt 0:00:30]} 17. Nd5 {[%emt 0:00:00]} Re8 {[%emt 0:02:30]} 18. Rxh5 {[%emt 0:24:30]} gxh5 {[%emt 0:03:30]} 19. Qh2 {[%emt 0:00:00]} Rc4 {[%emt 0:19:30]} 20. Bxc4 {[%emt 0:03:00]} bxc4 {[%emt 0:02:30]} 21. f4 {[%emt 0:02:30]} Nf3 {[%emt 0:02:30]} 22. Nxf3 {[%emt 0:00:30]} gxf3 {[%emt 0:00:00]} 23. Qxh5 {[%emt 0:00:30]} f2 {[%emt 0:02:00]} 24. Rh1 {[%emt 0:09:30]} Qa5 {[%emt 0:02:30]} 25. Qh7+ {[%emt 0:23:30]} Kf8 {[%emt 0:00:00]} 26. Nc3 {[%emt 0:00:30]} Rb8 {[%emt 0:08:00]} 27. Bh6 {[%emt 0:00:30]} Rxb2+ {[%emt 0:00:30]} 28. Ka1 {[%emt 0:09:30]} Rxa2+ {[%emt 0:00:30]} 29. Kb1 {[%emt 0:00:30]} Ra1+ {[%emt 0:00:30]} 0-1

[Event "World Junior U20 Girls 2018"]
[Site "Gebze"]
[Date "2018.09.08"]
[Round "5"]
[White "Caballero Quijano, Mitzy Mishell"]
[Black "Nass, Sara"]
[Result "0-1"]
[WhiteElo "2034"]
[BlackElo "1888"]
[Annotator "NA"]
[PlyCount "106"]
[EventDate "2018.09.05"]
[EventType "swiss"]
[EventCountry "TUR"]
[SourceTitle "playchess.com"]
[Source "ChessBase"]
[SourceQuality "1"]
[TimeControl "40/5400+30:1800+30"]

1. e4 {[%emt 0:00:30]} c6 {[%emt 0:00:30]} 2. d4 {[%emt 0:00:00]} d5 {[%emt 0:00:30]} 3. Nd2 {[%emt 0:00:00]} dxe4 {[%emt 0:00:00]} 4. Nxe4 {[%emt 0:00:00]} Nf6 {[%emt 0:03:00]} 5. Nxf6+ {[%emt 0:01:00]} exf6 {[%emt 0:00:30]} 6. Nf3 {[%emt 0:02:30]} Bd6 {[%emt 0:00:30]} 7. Bd3 {[%emt 0:01:30]} O-O {[%emt 0:00:30]} 8. Be3 {[%emt 0:02:30]} Re8 {[%emt 0:04:30]} 9. Qd2 {[%emt 0:01:30]} a5 {[%emt 0:02:30]} 10. O-O-O {[%emt 0:00:30]} Be6 {[%emt 0:01:30]} 11. Kb1 {[%emt 0:00:30]} Na6 {[%emt 0:02:30]} 12. c3 {[%emt 0:00:00]} Nc7 {[%emt 0:11:30]} 13. Qc2 {[%emt 0:00:00]} h6 {[%emt 0:02:30]} 14. Rdg1 {[%emt 0:01:30]} Nd5 {[%emt 0:01:30]} 15. g4 {[%emt 0:02:30]} Nf4 {[%emt 0:02:30]} 16. Bxf4 {[%emt 0:04:30]} Bxf4 {[%emt 0:00:30]} 17. c4 {[%emt 0:00:30]} a4 {[%emt 0:03:30]} 18. h3 {[%emt 0:00:30]} b5 {[%emt 0:03:30]} 19. Rd1 {[%emt 0:01:30]} Qa5 {[%emt 0:02:30]} 20. d5 {[%emt 0:09:30]} cxd5 {[%emt 0:02:30]} 21. cxd5 {[%emt 0:00:30]} Bd7 {[%emt 0:10:30]} 22. Rhe1 {[%emt 0:06:30]} Rec8 {[%emt 0:07:30]} 23. Qe2 {[%emt 0:02:30]} a3 {[%emt 0:01:30]} 24. Qe4 {[%emt 0:01:30]} f5 {[%emt 0:03:30]} 25. Qxf4 {[%emt 0:14:30]} axb2 {[%emt 0:01:30]} 26. a4 {[%emt 0:00:30]} bxa4 {[%emt 0:04:30]} 27. Qd4 {[%emt 0:07:30]} a3 {[%emt 0:04:30]} 28. Ka2 {[%emt 0:00:00]} Ba4 {[%emt 0:03:30]} 29. Nd2 {[%emt 0:19:00]} Rc1 {[%emt 0:10:02]} 30. Nb3 {[%emt 0:08:41]} Bxb3+ {[%emt 0:01:46]} 31. Kxb3 {[%emt 0:00:09]} Rb8+ {[%emt 0:08:16]} 32. Ka2 {[%emt 0:00:07]} b1=Q+ {[%emt 0:00:20]} 33. Bxb1 {[%emt 0:00:30]} Rb2+ {[%emt 0:00:00]} 34. Qxb2 {[%emt 0:01:06]} axb2+ {[%emt 0:00:12]} 35. Kxb2 {[%emt 0:00:30]} Qc3+ {[%emt 0:00:00]} 36. Ka2 {[%emt 0:00:00]} Qc4+ {[%emt 0:00:23]} 37. Kb2 {[%emt 0:01:08]} Qc3+ {[%emt 0:02:18]} 38. Ka2 {[%emt 0:00:06]} Qxe1 {[%emt 0:00:19]} 39. Rxe1 {[%emt 0:00:08]} Rxe1 {[%emt 0:00:00]} 40. Bxf5 {[%emt 0:00:56]} Re2+ {[%emt 0:00:18]} 41. Kb3 {[%emt 0:00:39]} Rxf2 {[%emt 0:00:36]} 42. Kc4 {[%emt 0:04:30]} g6 {[%emt 0:00:30]} 43. Be4 {[%emt 0:02:30]} Rf4 {[%emt 0:01:30]} 44. Kd3 {[%emt 0:00:30]} Kf8 {[%emt 0:00:30]} 45. Ke3 {[%emt 0:00:30]} Rf1 {[%emt 0:00:30]} 46. Bg2 {[%emt 0:04:30]} Ra1 {[%emt 0:00:30]} 47. h4 {[%emt 0:02:30]} Ke7 {[%emt 0:01:30]} 48. h5 {[%emt 0:00:30]} g5 {[%emt 0:01:30]} 49. Be4 {[%emt 0:01:30]} Kd6 {[%emt 0:01:30]} 50. Kd4 {[%emt 0:00:30]} Rg1 {[%emt 0:00:30]} 51. Bf3 {[%emt 0:00:30]} Rg3 {[%emt 0:00:30]} 52. Be2 {[%emt 0:00:30]} Ra3 {[%emt 0:00:30]} 53. Bc4 {[%emt 0:00:30]} Ra4 {[%emt 0:00:30]} 0-1